000 00326nam a2200133Ia 4500
008 100328s9999 xx 000 0 und d
082 _b71055
100 _aJames Julia.
245 _aPurchased For Revenge
260 _bMills & Boon.
630 _aPurchased For Revenge
730 _aPurchased For Revenge
942 _cBOOK
999 _c556779
_d556776